00581nam a22001817a 450000500170000000800410001702000270005804000080008504100120009308200150010524500940012026000540021430000200026850400360028865000350032470000240035985000160038320210708134502.0210708b xxu||||| |||| 00| 0 eng d a9788125040941cRs 1195 beng aEnglish a305.8bPAT aAdivasis in colonial IndiabSurvival, resistance and negotiationcEdited by Biswamoy Pati aNew DelhibOrient Blackswan Private Limitedc2011 axii,368pb24 cm aIncludes bibliography and index aAdivasiyColonial timeszIndia 4ed.aPati, Biswamoy aLCLIBbDLIT